The additional value of ONEST (Observers Needed to Evaluate Subjective Tests) in assessing reproducibility of oestrogen receptor, progesterone receptor, and Ki67 classification in breast cancer

Elmentve itt :
Bibliográfiai részletek
Szerzők: Cserni Bálint
Bori Rita
Csörgő Erika
Oláh-Németh Orsolya
Pancsa Tamás
Sejben Anita
Sejben István
Vörös András
Zombori Tamás
Nyári Tibor András
Cserni Gábor
Dokumentumtípus: Cikk
Megjelent: 2021
Sorozat:VIRCHOWS ARCHIV 479
Tárgyszavak:
doi:10.1007/s00428-021-03172-9

mtmt:32151551
Online Access:http://publicatio.bibl.u-szeged.hu/22908
LEADER 01245nab a2200337 i 4500
001 publ22908
005 20220304123829.0
008 211123s2021 hu o 0|| Angol d
022 |a 0945-6317 
024 7 |a 10.1007/s00428-021-03172-9  |2 doi 
024 7 |a 32151551  |2 mtmt 
040 |a SZTE Publicatio Repozitórium  |b hun 
041 |a Angol 
100 1 |a Cserni Bálint 
245 1 4 |a The additional value of ONEST (Observers Needed to Evaluate Subjective Tests) in assessing reproducibility of oestrogen receptor, progesterone receptor, and Ki67 classification in breast cancer  |h [elektronikus dokumentum] /  |c  Cserni Bálint 
260 |c 2021 
300 |a 1101-1009 
490 0 |a VIRCHOWS ARCHIV  |v 479 
650 4 |a Klinikai orvostan 
650 4 |a Orvosi biotechnológia 
700 0 1 |a Bori Rita  |e aut 
700 0 1 |a Csörgő Erika  |e aut 
700 0 2 |a Oláh-Németh Orsolya  |e aut 
700 0 2 |a Pancsa Tamás  |e aut 
700 0 2 |a Sejben Anita  |e aut 
700 0 2 |a Sejben István  |e aut 
700 0 2 |a Vörös András  |e aut 
700 0 2 |a Zombori Tamás  |e aut 
700 0 2 |a Nyári Tibor András  |e aut 
700 0 2 |a Cserni Gábor  |e aut 
856 4 0 |u http://publicatio.bibl.u-szeged.hu/22908/1/Virchows-2021-CserniB-ONESTERPRKi67-EPub.pdf  |z Dokumentum-elérés